000 00604nam a22001937a 4500
003 OSt
005 20140310181756.0
008 130629t xxu||||| |||| 00| 0 eng d
020 _a97191858X
050 _aDS 676.8
_b.T956 1998
082 _2FIL 959.902
_bTU84Em 1998
245 _aEmilio Aguinaldo :
_bfirst Philippine president,1898-1901 /
_cHenri Turot; translated from the French by Pacifico A. Castro.
260 _aManila :
_bTrademark Pub. Corp,
_cc1998.
300 _a275 p.;
_bill. ;
_c29 cm.
521 _aBasic Ed. Students
541 _g9361
_j1
562 _e1
942 _2lcc
_cBK-FIL
_kFIL
999 _c3429
_d3429